[Event "Satka Autumn op (Women)"]
[Site "Satka"]
[Date "2014.09.25"]
[Round "5"]
[White "Nosacheva, Mariya"]
[Black "Muksimova, Oksana"]
[Result "1-0"]
[WhiteElo "1863"]
[BlackElo "1806"]
[PlyCount "51"]
[EventDate "2014.09.21"]
[EventType "swiss"]
[EventRounds "9"]
[EventCountry "RUS"]
[SourceTitle "CBM 162 Extra"]
[Source "ChessBase"]
[SourceDate "2014.10.17"]
[SourceVersion "1"]
[SourceVersionDate "2014.10.17"]
[SourceQuality "1"]

1. e4 e5 2. Nf3 Nc6 3. d4 exd4 4. Bc4 d6 5. Nxd4 Ne5 6. Be2 g6 7. 0-0 Bg7 8. c4 Ne7 9. Be3 0-0 10. f4 Nd7 11. Nc3 Nc5 12. f5 gxf5 13. exf5 Bxd4 14. Bxd4 Nxf5 15. Nd5 Ne4 16. Bf3 Ng5 17. Nf6+ Kh8 18. Bc3 Ng7 19. Qd4 Bf5 20. Bxb7 Rb8 21. Qh4 Bg6 22. Bd5 c6 23. Bf3 Nxf3+ 24. Rxf3 Qb6+ 25. Kh1 Rbd8 26. Rh3 1-0

[Event "Satka Autumn op (Women)"]
[Site "Satka"]
[Date "2014.09.24"]
[Round "4"]
[White "Muksimova, Oksana"]
[Black "Nasybullina, Dayana"]
[Result "1-0"]
[WhiteElo "1806"]
[BlackElo "1352"]
[PlyCount "113"]
[EventDate "2014.09.21"]
[EventType "swiss"]
[EventRounds "9"]
[EventCountry "RUS"]
[SourceTitle "CBM 162 Extra"]
[Source "ChessBase"]
[SourceDate "2014.10.17"]
[SourceVersion "1"]
[SourceVersionDate "2014.10.17"]
[SourceQuality "1"]

1. d4 Nf6 2. Nf3 e6 3. e3 d5 4. Bd3 c5 5. b3 Nc6 6. Bb2 cxd4 7. Nxd4 Nxd4 8. Bxd4 Be7 9. Nd2 0-0 10. 0-0 b6 11. Nf3 Bb7 12. Qe2 Nd7 13. c4 Bf6 14. Bxf6 Qxf6 15. Rfd1 Nc5 16. Nd4 dxc4 17. Bxc4 Rfd8 18. f3 Bd5 19. b4 Nb7 20. Nb5 Bxc4 21. Qxc4 Rac8 22. Qe4 a6 23. Qxb7 axb5 24. Qxb6 Rb8 25. Qc5 Rd5 26. Qc2 Rbd8 27. Rac1 Qe5 28. Kf2 Rxd1 29. Rxd1 Ra8 30. Rd4 g6 31. Qd2 Kg7 32. Qb2 h5 33. Rd2 Qxb2 34. Rxb2 Ra4 35. Ke2 Kf6 36. Kd3 Ra3+ 37. Kd4 Ra8 38. Kc5 Rb8 39. h3 g5 40. g4 h4 41. f4 gxf4 42. exf4 e5 43. fxe5+ Kxe5 44. Rf2 f6 45. Rf5+ Ke6 46. Rh5 Ra8 47. Rxh4 Rxa2 48. Kxb5 Rh2 49. Rh5 Rh1 50. Kb6 Rb1 51. b5 Rb3 52. Kb7 Ke7 53. b6 Ke6 54. Kc7 Rc3+ 55. Kb8 Kd6 56. Rh6 Rf3 57. g5 1-0

[Event "Izhevsk Corporation Cup 6th"]
[Site "Izhevsk"]
[Date "2014.07.19"]
[Round "7"]
[White "Shnayder, Violetta"]
[Black "Muksimova, Oksana"]
[Result "1-0"]
[WhiteElo "1934"]
[BlackElo "1844"]
[PlyCount "47"]
[EventDate "2014.07.12"]
[EventType "swiss"]
[EventRounds "9"]
[EventCountry "RUS"]
[SourceTitle "CBM 161 Extra"]
[Source "ChessBase"]
[SourceDate "2014.08.29"]
[SourceVersion "1"]
[SourceVersionDate "2014.08.29"]
[SourceQuality "1"]

1. c4 c5 2. Nc3 Nf6 3. e3 Nc6 4. Nf3 g6 5. d4 cxd4 6. exd4 d5 7. cxd5 Nxd5 8. Qb3 Nxc3 9. Bc4 e6 10. bxc3 Na5 11. Bb5+ Bd7 12. Qa4 Nc6 13. d5 exd5 14. 0-0 Be7 15. Bh6 a6 16. Bxc6 Bxc6 17. Qd4 Bf6 18. Rfe1+ Kd7 19. Qg4+ Kc7 20. Bf4+ Kb6 21. Rab1+ Ka7 22. Be3+ Kb8 23. Qf4+ Kc8 24. Bb6 1-0

[Event "Izhevsk Corporation Cup 6th"]
[Site "Izhevsk"]
[Date "2014.07.16"]
[Round "5"]
[White "Novoselov, Alexander"]
[Black "Muksimova, Oksana"]
[Result "1-0"]
[WhiteElo "2115"]
[BlackElo "1844"]
[PlyCount "53"]
[EventDate "2014.07.12"]
[EventType "swiss"]
[EventRounds "9"]
[EventCountry "RUS"]
[SourceTitle "CBM 161 Extra"]
[Source "ChessBase"]
[SourceDate "2014.08.29"]
[SourceVersion "1"]
[SourceVersionDate "2014.08.29"]
[SourceQuality "1"]

1. e4 e6 2. d4 d5 3. Nc3 Bb4 4. e5 c5 5. a3 Bxc3+ 6. bxc3 Ne7 7. a4 Nbc6 8. Nf3 cxd4 9. cxd4 b6 10. Ba3 Bb7 11. Bd3 Na5 12. 0-0 Nc4 13. Bxc4 dxc4 14. Bxe7 Qxe7 15. c3 0-0 16. Qe2 Bd5 17. Nd2 Rac8 18. Rfb1 Qd7 19. Nf1 Rb8 20. Ne3 Rfe8 21. Qg4 Qc6 22. h4 Be4 23. Rb4 Bd3 24. h5 h6 25. f3 Qc7 26. Kf2 Qe7 27. Nd1 1-0

[Event "Izhevsk Corporation Cup 6th"]
[Site "Izhevsk"]
[Date "2014.07.15"]
[Round "4"]
[White "Muksimova, Oksana"]
[Black "Nasybullina, Alfia"]
[Result "1/2-1/2"]
[WhiteElo "1844"]
[BlackElo "2133"]
[PlyCount "87"]
[EventDate "2014.07.12"]
[EventType "swiss"]
[EventRounds "9"]
[EventCountry "RUS"]
[SourceTitle "CBM 161 Extra"]
[Source "ChessBase"]
[SourceDate "2014.08.29"]
[SourceVersion "1"]
[SourceVersionDate "2014.08.29"]
[SourceQuality "1"]

1. d4 Nf6 2. Nf3 e6 3. c4 c5 4. g3 Be7 5. Bg2 0-0 6. 0-0 d5 7. cxd5 Nxd5 8. b3 Nc6 9. Bb2 Bf6 10. e4 Ndb4 11. a3 Na6 12. e5 Be7 13. Qe2 cxd4 14. b4 d3 15. Qd2 Nc7 16. Rd1 a5 17. bxa5 Nxa5 18. Qxd3 Qxd3 19. Rxd3 Na6 20. Nbd2 Nc5 21. Rc3 Na4 22. Rc2 Nxb2 23. Rxb2 f6 24. Rc2 fxe5 25. Nxe5 Bf6 26. Re1 Rd8 27. Nec4 Nxc4 28. Nxc4 Bd4 29. Rb1 Ra7 30. Rd2 Ra4 31. Rb4 Rxb4 32. axb4 Kf8 33. Na5 e5 34. Nxb7 Rd7 35. Na5 Rc7 36. Nc6 Bf5 37. h4 Bc3 38. Rd8+ Kf7 39. Bd5+ Be6 40. Bxe6+ Kxe6 41. b5 Rb7 42. Rb8 Rxb8 43. Nxb8 Kf6 44. Kg2 1/2-1/2

[Event "Izhevsk Corporation Cup 6th"]
[Site "Izhevsk"]
[Date "2014.07.14"]
[Round "3"]
[White "Nikulina, Alena"]
[Black "Muksimova, Oksana"]
[Result "0-1"]
[WhiteElo "2047"]
[BlackElo "1844"]
[PlyCount "124"]
[EventDate "2014.07.12"]
[EventType "swiss"]
[EventRounds "9"]
[EventCountry "RUS"]
[SourceTitle "CBM 161 Extra"]
[Source "ChessBase"]
[SourceDate "2014.08.29"]
[SourceVersion "1"]
[SourceVersionDate "2014.08.29"]
[SourceQuality "1"]

1. e4 e5 2. Nf3 Nc6 3. Bb5 Nf6 4. d3 d6 5. 0-0 g6 6. Re1 Bg7 7. c3 0-0 8. Nbd2 a6 9. Ba4 Nd7 10. Nf1 Nc5 11. Bc2 Ne6 12. Ng3 Qf6 13. Nf1 h5 14. h4 Qd8 15. Be3 d5 16. exd5 Qxd5 17. Bb3 Qd6 18. Ng5 Nxg5 19. Bxg5 Be6 20. Ng3 f6 21. Ne4 Qd7 22. Be3 b6 23. d4 exd4 24. cxd4 Bxb3 25. Qxb3+ Qf7 26. Qc3 Na5 27. Rac1 Rac8 28. b4 Nb7 29. Qc6 Nd8 30. Qa4 Ra8 31. b5 a5 32. Qc2 Ra7 33. Rcd1 Qd5 34. Nc3 Qc4 35. Rc1 f5 36. Qd2 Ne6 37. d5 Nc5 38. Bxc5 Qxc5 39. a4 Qb4 40. Qe3 Raa8 41. Qe6+ Kh7 42. Qe7 Rfe8 43. Qxb4 axb4 44. Rxe8 Rxe8 45. Na2 b3 46. Nb4 b2 47. Rb1 Re4 48. Nd3 Rxa4 49. Nxb2 Rb4 50. Rc1 Rxb2 51. Rxc7 Rb1+ 52. Kh2 Rxb5 53. d6 Kh6 54. g3 Be5 55. Rc6 Rd5 56. Rxb6 Bxd6 57. f3 Rd2+ 58. Kh3 f4 59. g4 hxg4+ 60. fxg4 f3 61. g5+ Kh5 62. Rb2 f2 0-1

[Event "Izhevsk Corporation Cup 6th"]
[Site "Izhevsk"]
[Date "2014.07.13"]
[Round "2"]
[White "Muksimova, Oksana"]
[Black "Popov, Alexey"]
[Result "0-1"]
[WhiteElo "1844"]
[BlackElo "2120"]
[PlyCount "68"]
[EventDate "2014.07.12"]
[EventType "swiss"]
[EventRounds "9"]
[EventCountry "RUS"]
[SourceTitle "CBM 161 Extra"]
[Source "ChessBase"]
[SourceDate "2014.08.29"]
[SourceVersion "1"]
[SourceVersionDate "2014.08.29"]
[SourceQuality "1"]

1. d4 d5 2. Nf3 Bf5 3. e3 e6 4. Bd3 c6 5. 0-0 Nd7 6. b3 Bxd3 7. Qxd3 f5 8. Ne5 Bd6 9. Bb2 Ngf6 10. Nd2 0-0 11. c4 Ne4 12. Rac1 Qe7 13. f3 Nxd2 14. Qxd2 Rad8 15. Qe2 Qf6 16. Nxd7 Rxd7 17. e4 Bf4 18. Rce1 Qh6 19. g3 Bd2 20. Rd1 Qe3+ 21. Qxe3 Bxe3+ 22. Kg2 fxe4 23. fxe4 Rxf1 24. Rxf1 dxe4 25. Rd1 c5 26. d5 exd5 27. cxd5 Bd4 28. Bxd4 Rxd5 29. Rc1 cxd4 30. Kf2 Kf7 31. Rc7+ Kf6 32. Rxb7 d3 33. Ke1 d2+ 34. Kd1 e3 0-1

[Event "Satka Autumn op (Women)"]
[Site "Satka"]
[Date "2013.09.06"]
[Round "4"]
[White "Muksimova, Oksana"]
[Black "Litvinenko, Ekaterina"]
[Result "0-1"]
[WhiteElo "1838"]
[BlackElo "1945"]
[PlyCount "112"]
[EventDate "2013.09.03"]
[EventType "swiss"]
[EventRounds "9"]
[EventCountry "RUS"]
[SourceTitle "CBM 156 Extra"]
[Source "ChessBase"]
[SourceDate "2013.10.22"]
[SourceVersion "1"]
[SourceVersionDate "2013.10.22"]
[SourceQuality "1"]

1. d4 c5 2. c4 Nf6 3. Nf3 g6 4. g3 Bg7 5. Bg2 0-0 6. e3 Nc6 7. Nc3 d6 8. 0-0 Na5 9. Qe2 Be6 10. b3 Rb8 11. Bb2 Qc8 12. Rfd1 Bh3 13. Bh1 b6 14. dxc5 bxc5 15. e4 Nc6 16. Nd5 Nxd5 17. cxd5 Bxb2 18. Qxb2 Na5 19. Qd2 Nb7 20. e5 Bg4 21. Re1 Re8 22. Qf4 Qf5 23. Qxf5 Bxf5 24. e6 fxe6 25. dxe6 Nd8 26. Nh4 Bd3 27. Bd5 Bb5 28. Rad1 Bc6 29. Bc4 Nb7 30. Ng2 Na5 31. Bd5 Bxd5 32. Rxd5 Nc6 33. Rd3 Nb4 34. Rd2 Rb6 35. Nf4 Kg7 36. Re3 g5 37. Nd5 Nxd5 38. Rxd5 Kf6 39. g4 Rb4 40. Rf5+ Kg6 41. h3 Rf4 42. Rf3 Rxf3 43. Rxf3 d5 44. Rf5 Rd8 45. Rf7 c4 46. bxc4 dxc4 47. Rxe7 Rc8 48. Rd7 c3 49. Rd1 Kf6 50. Kf1 Kxe6 51. Ke2 Ke5 52. f3 Kf4 53. Kf2 c2 54. Rc1 Rc3 55. a4 Rxf3+ 56. Kg2 Rc3 0-1

[Event "Izhevsk Corporation Cup 5th"]
[Site "Izhevsk"]
[Date "2013.07.15"]
[Round "4"]
[White "Kolomensky, Vladimir"]
[Black "Muksimova, Oksana"]
[Result "1-0"]
[WhiteElo "2255"]
[BlackElo "1807"]
[PlyCount "59"]
[EventDate "2013.07.11"]
[EventType "swiss"]
[EventRounds "9"]
[EventCountry "RUS"]
[SourceTitle "EXT 2014"]
[Source "ChessBase"]
[SourceDate "2013.11.20"]
[SourceVersion "1"]
[SourceVersionDate "2013.11.20"]
[SourceQuality "1"]

1. e4 e5 2. Nf3 Nf6 3. Nxe5 d6 4. Nf3 Nxe4 5. d4 d5 6. Bd3 Be7 7. 0-0 0-0 8. Re1 Nf6 9. h3 h6 10. Bf4 Bd6 11. Ne5 b6 12. c3 c5 13. Nd2 Bxe5 14. dxe5 Nh7 15. Qh5 f5 16. g4 Ng5 17. Bxg5 Qxg5 18. Qxg5 hxg5 19. e6 Nc6 20. gxf5 Ne7 21. Re5 Rf6 22. Rae1 Bb7 23. Nf3 g6 24. Nxg5 Nxf5 25. Bxf5 Rxf5 26. Rxf5 gxf5 27. Nf7 Kg7 28. Nd6 Bc6 29. e7 Be8 30. f4 1-0

[Event "Satka-ch"]
[Site "Satka"]
[Date "2012.12.28"]
[Round "7"]
[White "Scherbakov, Mikhail"]
[Black "Muksimova, Oksana"]
[Result "0-1"]
[WhiteElo "1770"]
[BlackElo "1785"]
[PlyCount "86"]
[EventDate "2012.12.22"]
[EventType "swiss"]
[EventRounds "9"]
[EventCountry "RUS"]
[SourceTitle "CBM 152 Extra"]
[Source "ChessBase"]
[SourceDate "2013.02.25"]
[SourceVersion "1"]
[SourceVersionDate "2013.02.25"]
[SourceQuality "1"]

1. e4 e5 2. Nf3 Nf6 3. d4 exd4 4. e5 Nd5 5. Bc4 Nb6 6. Qxd4 Nxc4 7. Qxc4 Be7 8. Nc3 Nc6 9. 0-0 0-0 10. Nd5 d6 11. Nxe7+ Qxe7 12. Bg5 Qe6 13. Qxe6 Bxe6 14. exd6 cxd6 15. Bf4 d5 16. Be5 Rac8 17. c3 Rfd8 18. Bd4 f6 19. Rfe1 Kf7 20. h3 b6 21. g4 h6 22. Rad1 Re8 23. Kg2 Bd7 24. Rxe8 Rxe8 25. Rd2 Bc8 26. Nh4 g5 27. Nf3 f5 28. Nh2 fxg4 29. hxg4 Ne5 30. Bxe5 Rxe5 31. Rd4 Re2 32. b4 Rxa2 33. Rxd5 Bb7 34. c4 Bxd5+ 35. cxd5 Rd2 36. d6 Rd4 37. Nf3 Rxg4+ 38. Kh3 Rxb4 39. Ne5+ Ke6 40. Nc6 Ra4 41. Nd8+ Kxd6 42. Nf7+ Ke6 43. Nxh6 Rh4+ 0-1

[Event "Satka Autumn op (Women)"]
[Site "Satka"]
[Date "2012.09.21"]
[Round "1"]
[White "Muksimova, Oksana"]
[Black "Kharmunova, Nadezhda"]
[Result "0-1"]
[WhiteElo "1794"]
[BlackElo "2219"]
[PlyCount "48"]
[EventDate "2012.09.20"]
[EventType "swiss"]
[EventRounds "9"]
[EventCountry "RUS"]
[SourceTitle "CBM 150 Extra"]
[Source "ChessBase"]
[SourceDate "2012.10.19"]
[SourceVersion "1"]
[SourceVersionDate "2012.10.19"]
[SourceQuality "1"]

1. d4 d5 2. Nf3 Nf6 3. c4 e6 4. e3 Be7 5. Nc3 0-0 6. Be2 Nbd7 7. 0-0 dxc4 8. Bxc4 c5 9. Qe2 a6 10. a4 Nb6 11. Ba2 Nbd5 12. Rd1 Qc7 13. Bd2 Bd7 14. Nxd5 exd5 15. dxc5 Bxa4 16. Rdc1 Bd7 17. Nd4 Rac8 18. b4 Rfe8 19. f3 Qe5 20. Be1 Bf8 21. Rc3 Qxd4 22. exd4 Rxe2 23. Kf1 Bb5 24. Kg1 Rce8 0-1

[Event "Satka Metallurg op"]
[Site "Satka"]
[Date "2012.07.10"]
[Round "9"]
[White "Enderov, Vladimir"]
[Black "Muksimova, Oksana"]
[Result "1/2-1/2"]
[WhiteElo "1927"]
[BlackElo "1799"]
[PlyCount "59"]
[EventDate "2012.07.02"]
[EventType "swiss"]
[EventRounds "9"]
[EventCountry "RUS"]
[SourceTitle "EXT 2013"]
[Source "ChessBase"]
[SourceDate "2012.11.22"]
[SourceVersion "1"]
[SourceVersionDate "2012.11.22"]
[SourceQuality "1"]

1. f4 d5 2. b3 c5 3. e3 Nf6 4. Nf3 a6 5. Bb2 e6 6. Be2 Be7 7. 0-0 b5 8. a4 b4 9. Ne5 Bb7 10. f5 0-0 11. fxe6 fxe6 12. Qe1 Nbd7 13. d3 Nxe5 14. Bxe5 Nd7 15. Rxf8+ Qxf8 16. Bb2 Bf6 17. Bxf6 Qxf6 18. Nd2 Rf8 19. Rc1 Qg5 20. Bf3 Rf6 21. Qe2 Ne5 22. Rf1 Nc6 23. Re1 Rh6 24. Qf2 Qe5 25. Nf1 Qb2 26. Qd2 Qc3 27. Rd1 Qf6 28. Qf2 Ne5 29. Be2 Rg6 30. Qxf6 1/2-1/2

[Event "Satka Metallurg op"]
[Site "Satka"]
[Date "2012.07.03"]
[Round "2"]
[White "Sveshnikov, Vladimir"]
[Black "Muksimova, Oksana"]
[Result "1-0"]
[WhiteElo "2436"]
[BlackElo "1799"]
[PlyCount "61"]
[EventDate "2012.07.02"]
[EventType "swiss"]
[EventRounds "9"]
[EventCountry "RUS"]
[SourceTitle "EXT 2013"]
[Source "ChessBase"]
[SourceDate "2012.11.22"]
[SourceVersion "1"]
[SourceVersionDate "2012.11.22"]
[SourceQuality "1"]

1. d4 Nf6 2. Nf3 g6 3. c3 Bg7 4. Bg5 d6 5. Nbd2 Nbd7 6. e4 e5 7. Bd3 0-0 8. 0-0 h6 9. Bh4 g5 10. Bg3 Nh7 11. Nc4 exd4 12. Nxd4 Nc5 13. Bc2 Nf6 14. Re1 d5 15. exd5 Nxd5 16. Nf5 Bxf5 17. Bxf5 b6 18. Qf3 Nf4 19. Bxf4 gxf4 20. Qxf4 Qf6 21. g3 Rad8 22. Rad1 Rxd1 23. Rxd1 Rd8 24. Rxd8+ Qxd8 25. Ne3 Qe7 26. Bc2 Qe5 27. Qg4 Qe6 28. Nf5 Qf6 29. Nxg7 Qxg7 30. Qc8+ Qf8 31. Qxc7 1-0

[Event "Satka Metallurg op"]
[Site "Satka"]
[Date "2012.07.02"]
[Round "1"]
[White "Muksimova, Oksana"]
[Black "Korol, Vladimir"]
[Result "0-1"]
[WhiteElo "1799"]
[BlackElo "2179"]
[PlyCount "60"]
[EventDate "2012.07.02"]
[EventType "swiss"]
[EventRounds "9"]
[EventCountry "RUS"]
[SourceTitle "EXT 2013"]
[Source "ChessBase"]
[SourceDate "2012.11.22"]
[SourceVersion "1"]
[SourceVersionDate "2012.11.22"]
[SourceQuality "1"]

1. d4 Nf6 2. Nf3 d5 3. c4 e6 4. Nc3 c6 5. e3 Nbd7 6. Qc2 Bd6 7. g4 h6 8. h3 Qe7 9. c5 Bc7 10. b4 e5 11. Bd2 e4 12. Nh4 Nf8 13. b5 Ng6 14. Nxg6 fxg6 15. bxc6 bxc6 16. Qa4 Qe6 17. Rb1 0-0 18. Rg1 g5 19. Be2 a5 20. Kd1 Kh8 21. Kc2 Ng8 22. Rgf1 Ne7 23. f4 exf3 24. Rxf3 Rxf3 25. Bxf3 Ba6 26. Be2 Bxe2 27. Nxe2 Qe4+ 28. Kc1 Rf8 29. Qc2 Qh1+ 30. Kb2 Qxh3 0-1

[Event "Urals-ch"]
[Site "Satka"]
[Date "2012.03.31"]
[Round "8"]
[White "Enderov, Vladimir"]
[Black "Muksimova, Oksana"]
[Result "0-1"]
[WhiteElo "1933"]
[BlackElo "1753"]
[PlyCount "150"]
[EventDate "2012.03.24"]
[EventType "swiss"]
[EventRounds "9"]
[EventCountry "RUS"]
[SourceTitle "CBM 147 Extra"]
[Source "ChessBase"]
[SourceDate "2012.04.24"]
[SourceVersion "1"]
[SourceVersionDate "2012.04.24"]
[SourceQuality "1"]

1. e4 d6 2. d4 Nf6 3. Nc3 Nbd7 4. f4 e5 5. Nf3 exd4 6. Qxd4 g6 7. e5 dxe5 8. fxe5 Bc5 9. Qc4 Qe7 10. Bf4 Nb6 11. Qe2 Nfd5 12. Bg5 Nxc3 13. Bxe7 Nxe2 14. Bxc5 Nf4 15. 0-0-0 Bd7 16. Ng5 Bc6 17. Bxb6 axb6 18. Bc4 Nxg2 19. Rhg1 0-0 20. e6 fxe6 21. Bxe6+ Kg7 22. Bb3 Nf4 23. Rg4 h6 24. Rxf4 hxg5 25. Rg4 Rf5 26. Rdg1 Rh8 27. Rxg5 Rxg5 28. Rxg5 Rxh2 29. c3 Kf6 30. Rg3 Rh1+ 31. Kd2 Rh2+ 32. Kc1 Rh1+ 33. Kd2 Rh2+ 34. Kc1 Be4 35. Ba4 c6 36. Bd1 Kf5 37. a4 Kf4 38. Rg4+ Ke3 39. Rg3+ Kf2 40. Rg4 Ke3 41. Rg3+ Kf4 42. Rg4+ Ke5 43. Rg3 c5 44. b3 Rg2 45. Re3 Kf4 46. Re1 Rf2 47. Rg1 g5 48. Rg4+ Kf5 49. Rg1 Rf4 50. Kd2 g4 51. Ke3 Bf3 52. Bc2+ Be4 53. Bd1 Bf3 54. Bc2+ Kg5 55. Rg3 Rf8 56. Rg1 Re8+ 57. Kd2 Re2+ 58. Kd3 Kf4 59. b4 g3 60. bxc5 bxc5 61. Bb3 g2 62. Kc4 Rf2 63. Kxc5 Rf1 64. Rxg2 Bxg2 65. a5 Rb1 66. Ba4 Ke5 67. c4 Ra1 68. Kb4 Kd4 69. Bb5 Bc6 70. a6 Bf3 71. axb7 Bxb7 72. Kb3 Ba6 73. Bxa6 Rxa6 74. Kb4 Rb6+ 75. Ka5 Rb8 0-1

[Event "Urals-ch"]
[Site "Satka"]
[Date "2012.03.28"]
[Round "5"]
[White "Muksimova, Oksana"]
[Black "Panov, Maksim"]
[Result "0-1"]
[WhiteElo "1753"]
[BlackElo "2048"]
[PlyCount "66"]
[EventDate "2012.03.24"]
[EventType "swiss"]
[EventRounds "9"]
[EventCountry "RUS"]
[SourceTitle "CBM 147 Extra"]
[Source "ChessBase"]
[SourceDate "2012.04.24"]
[SourceVersion "1"]
[SourceVersionDate "2012.04.24"]
[SourceQuality "1"]

1. d4 Nf6 2. Nf3 g6 3. g3 Bg7 4. Bg2 0-0 5. 0-0 d6 6. c4 c6 7. Nc3 Nbd7 8. e4 e5 9. Be3 Re8 10. Re1 a6 11. b4 exd4 12. Nxd4 Ne5 13. Qb3 Neg4 14. Rad1 Nxe3 15. Rxe3 Qb6 16. Na4 Qc7 17. c5 Bg4 18. f3 dxc5 19. Nxc5 Bc8 20. f4 Nd7 21. Nxd7 Bxd7 22. e5 Qb6 23. Kh1 Bg4 24. Rd2 Bf8 25. a3 a5 26. bxa5 Qxa5 27. Qc3 Qxc3 28. Rxc3 Bxa3 29. Rb3 Bc5 30. Nc2 Red8 31. Rxd8+ Rxd8 32. h3 Rd1+ 33. Kh2 Be6 0-1

[Event "Urals-ch"]
[Site "Satka"]
[Date "2012.03.24"]
[Round "1"]
[White "Muksimova, Oksana"]
[Black "Frolov, Ivan"]
[Result "0-1"]
[WhiteElo "1753"]
[BlackElo "2242"]
[PlyCount "67"]
[EventDate "2012.03.24"]
[EventType "swiss"]
[EventRounds "9"]
[EventCountry "RUS"]
[SourceTitle "CBM 147 Extra"]
[Source "ChessBase"]
[SourceDate "2012.04.24"]
[SourceVersion "1"]
[SourceVersionDate "2012.04.24"]
[SourceQuality "1"]

1. d4 Nf6 2. Nf3 d6 3. c4 Nbd7 4. Nc3 e5 5. e4 Be7 6. g3 exd4 7. Nxd4 Ne5 8. f4 Bg4 9. Be2 Bxe2 10. Qxe2 Nc6 11. Be3 Qd7 12. h3 a6 13. g4 h6 14. a3 0-0-0 15. 0-0-0 g6 16. Qc2 Rhe8 17. b4 Nxd4 18. Bxd4 Qe6 19. Qd3 Nd7 20. f5 Bg5+ 21. Kc2 Qe7 22. Rhe1 Ne5 23. Qf1 Bh4 24. Re3 Nc6 25. Nd5 Nxd4+ 26. Rxd4 Qe5 27. Rd1 Bg5 28. Re2 c6 29. Nc3 Bf6 30. Rd3 g5 31. Qd1 Kc7 32. Qd2 a5 33. b5 Qc5 34. Na4 0-1